| 000 | 00592cam a2200217 4500 | ||
|---|---|---|---|
| 001 | B3491 | ||
| 008 | 090401t1991 xxu||||| |||| 00| 0 eng d | ||
| 035 | _a(Sirsi) u56284 | ||
| 041 | _aeng | ||
| 050 |
_a658.8 _c21 |
||
| 245 | _aStrategic issues for chartered surveyors ... marketing | ||
| 260 |
_aLondon _bTouche Ross _c1991 |
||
| 300 | _a7p. ; 30cm. | ||
| 350 | _a0 | ||
| 490 |
_aTouche Ross Strategic Issues for Chartered Surveyors Bulletin _v5 |
||
| 650 | _aABOUT RICS-RICS MEMBERS | ||
| 650 | _aMARKETING | ||
| 650 | _aPROFESSIONAL SERVICES | ||
| 942 | _n0 | ||
| 948 | _c04/03/1997 | ||
| 999 |
_c93764 _d93764 |
||